000 00669nam a22002537a 4500
001 BR9503387
003 BR-BrBNA
005 20230928094626.0
007 ta
008 230509b bl.||||| |||| 00| 0 por d
040 _aBR-BrBNA
_bpor
_cBiblioteca Nacional de Agricultura
041 _a26 p.
072 _aF03
_b3575
090 _ 3575 BR9503387
110 1 _aServico de Producao de Sementes Basicas, Brasilia, DF (Brasil)
_99327
245 1 _aRelatorio de atividades 1986 [SPSB]
260 3 _bBrasilia, DF (Brazil),
300 _a1986
500 _a(Por)
650 _aSemente
650 _aProducao
909 _a202309
_bLucia
_c55
_dLucia Elande
942 _cBK
999 _c51725
_d51725